00581nam a22001937a 450000500170000001000290001702000260004603500270007203700130009903700190011208200110013110000190014224500650016126000470022627000390027330000220031250000500033470000030038420110708112043.0 aENG-102937 B-455015-059 c395.00a9789380228716 aEN-86470 B-455015-059 bDBAD/PUB bBlue Berry/Ven a658.84 aGupta, Archana aE-commerce :cby Archana Guptabnew plateform for business / aNew DelhibGlobal India Publicationsc2010 a11, Darya GanjbNew Delhie110 0022 a315p.c22cm (pbk) aIncludes bibliographical references and index